Football - les buts en club de C. Ronaldo - Statistiques

Statistiques générales
  • Ce quiz a été pris 740 fois
    729 depuis la dernière actualisation
  • Le résultat moyen est 166 sur 448
Statistiques - réponses
But Indice Réponse % Correct
1 16 avr. 2011 Barcelone
90%
1 20 avr. 2011 Barcelone
90%
1 17 août 2011 Barcelone
90%
1 25 janv. 2012 Barcelone
90%
1 21 avr. 2012 Barcelone
90%
1 23 août 2012 Barcelone
90%
1 29 août 2012 Barcelone
90%
2 7 oct. 2012 Barcelone
90%
2 26 févr. 2013 Barcelone
90%
1 23 mars 2014 Barcelone
90%
1 25 oct. 2014 Barcelone
90%
1 22 mars 2015 Barcelone
90%
1 2 avr. 2016 Barcelone
90%
1 13 août 2017 Barcelone
90%
1 6 mai 2018 Barcelone
90%
2 8 déc. 2020 Barcelone
90%
1 18 janv. 2012 Barcelone
90%
1 14 févr. 2004 Manchester City
80%
1 9 déc. 2006 Manchester City
80%
1 5 mai 2007 Manchester City
80%
1 10 mai 2009 Manchester City
80%
1 18 sept. 2012 Manchester City
80%
2 23 oct. 2013 Juventus
76%
1 5 nov. 2013 Juventus
76%
1 5 mai 2015 Juventus
76%
1 13 mai 2015 Juventus
76%
2 3 juin 2017 Juventus
76%
2 3 avr. 2018 Juventus
76%
1 11 avr. 2018 Juventus
76%
1 13 janv. 2011 Atlético Madrid
75%
1 20 janv. 2011 Atlético Madrid
75%
2 26 nov. 2011 Atlético Madrid
75%
3 11 avr. 2012 Atlético Madrid
75%
1 1 déc. 2012 Atlético Madrid
75%
1 17 mai 2013 Atlético Madrid
75%
2 11 févr. 2014 Atlético Madrid
75%
1 2 mars 2014 Atlético Madrid
75%
1 24 mai 2014 Atlético Madrid
75%
1 13 sept. 2014 Atlético Madrid
75%
1 15 janv. 2015 Atlético Madrid
75%
3 19 nov. 2016 Atlético Madrid
75%
3 2 mai 2017 Atlético Madrid
75%
1 8 avr. 2018 Atlético Madrid
75%
3 12 mars 2019 Atlético Madrid
75%
1 13 févr. 2013 Manchester United
75%
1 5 mars 2013 Manchester United
75%
1 7 nov. 2018 Manchester United
75%
1 6 nov. 2005 Chelsea
74%
1 21 mai 2008 Chelsea
74%
1 28 avr. 2022 Chelsea
74%
2 23 mars 2008 Liverpool
71%
1 14 mars 2009 Liverpool
71%
1 22 oct. 2014 Liverpool
71%
2 1 févr. 2005 Arsenal
70%
1 3 nov. 2007 Arsenal
70%
1 13 avr. 2008 Arsenal
70%
2 5 mai 2009 Arsenal
70%
2 2 déc. 2021 Arsenal
70%
1 23 avr. 2022 Arsenal
70%
1 6 mars 2010 Seville
70%
4 7 mai 2011 Seville
70%
3 17 déc. 2011 Seville
70%
1 29 avr. 2012 Seville
70%
3 9 févr. 2013 Seville
70%
3 30 oct. 2013 Seville
70%
1 26 mars 2014 Seville
70%
2 12 août 2014 Seville
70%
3 2 mai 2015 Seville
70%
1 20 mars 2016 Seville
70%
1 15 janv. 2017 Seville
70%
2 14 mai 2017 Seville
70%
2 9 déc. 2017 Seville
70%
1 11 mars 2009 Inter
68%
1 27 avr. 2019 Inter
68%
2 2 févr. 2021 Inter
68%
1 15 mai 2021 Inter
68%
2 14 févr. 2018 Paris
67%
1 6 mars 2018 Paris
67%
1 15 avr. 2009 Porto
67%
2 25 avr. 2012 Bayern Munich
64%
2 29 avr. 2014 Bayern Munich
64%
2 12 avr. 2017 Bayern Munich
64%
3 18 avr. 2017 Bayern Munich
64%
2 30 sept. 2009 Marseille
64%
2 8 déc. 2009 Marseille
64%
1 19 sept. 2007 Sporting
62%
1 27 nov. 2007 Sporting
62%
1 14 sept. 2016 Sporting
62%
1 20 mars 2004 Tottenham
60%
1 3 févr. 2007 Tottenham
60%
2 25 avr. 2009 Tottenham
60%
1 5 avr. 2011 Tottenham
60%
1 13 avr. 2011 Tottenham
60%
1 17 oct. 2017 Tottenham
60%
1 1 nov. 2017 Tottenham
60%
1 30 oct. 2021 Tottenham
60%
3 12 mars 2022 Tottenham
60%
1 24 oct. 2012 Dortmund
59%
1 24 avr. 2013 Dortmund
59%
1 2 avr. 2014 Dortmund
59%
1 27 sept. 2016 Dortmund
59%
2 26 sept. 2017 Dortmund
59%
1 6 déc. 2017 Dortmund
59%
1 4 mars 2008 Lyon
59%
1 10 mars 2010 Lyon
59%
2 2 nov. 2011 Lyon
59%
2 7 août 2020 Lyon
59%
2 4 déc. 2010 Valence
58%
3 9 janv. 2013 Valence
58%
2 20 janv. 2013 Valence
58%
1 22 déc. 2013 Valence
58%
1 4 mai 2014 Valence
58%
1 4 janv. 2015 Valence
58%
2 8 mai 2016 Valence
58%
1 22 févr. 2017 Valence
58%
1 29 avr. 2017 Valence
58%
2 27 janv. 2018 Valence
58%
1 24 avr. 2007 Milan
56%
1 19 oct. 2010 Milan
56%
1 11 nov. 2018 Milan
56%
1 16 janv. 2019 Milan
56%
1 13 févr. 2020 Milan
56%
1 7 juil. 2020 Milan
56%
1 31 août 2019 Naples
52%
1 20 janv. 2021 Naples
52%
1 23 sept. 2009 Villareal
52%
1 21 févr. 2010 Villareal
52%
3 9 janv. 2011 Villareal
52%
2 15 mai 2011 Villareal
52%
1 14 sept. 2013 Villareal
52%
1 27 sept. 2014 Villareal
52%
1 1 mars 2015 Villareal
52%
1 26 févr. 2017 Villareal
52%
1 19 mai 2018 Villareal
52%
1 29 sept. 2021 Villareal
52%
1 23 nov. 2021 Villareal
52%
1 17 avr. 2005 Newcastle
48%
3 12 janv. 2008 Newcastle
48%
2 23 févr. 2008 Newcastle
48%
2 11 sept. 2021 Newcastle
48%
2 10 avr. 2007 Roma
48%
1 1 avr. 2008 Roma
48%
1 17 févr. 2016 Roma
48%
1 8 mars 2016 Roma
48%
1 22 janv. 2020 Roma
48%
2 27 sept. 2020 Roma
48%
1 6 févr. 2021 Roma
48%
1 18 févr. 2018 Betis
47%
2 6 févr. 2011 Real Sociedad
47%
2 21 mars 2012 Real Sociedad
47%
2 6 janv. 2013 Real Sociedad
47%
3 9 nov. 2013 Real Sociedad
47%
2 30 déc. 2015 Real Sociedad
47%
1 29 janv. 2017 Real Sociedad
47%
3 10 févr. 2018 Real Sociedad
47%
1 19 févr. 2005 Everton
46%
1 29 nov. 2006 Everton
46%
2 23 déc. 2007 Everton
46%
1 31 janv. 2009 Everton
46%
1 9 oct. 2022 Everton
46%
1 15 mai 2004 Aston villa
45%
1 22 janv. 2005 Aston Villa
45%
2 23 déc. 2006 Aston Villa
45%
1 13 janv. 2007 Aston Villa
45%
1 5 janv. 2008 Aston Villa
45%
1 29 mars 2008 Aston Villa
45%
2 5 avr. 2009 Aston Villa
45%
1 8 mai 2010 Bilbao
45%
3 20 nov. 2010 Bilbao
45%
1 9 avr. 2011 Bilbao
45%
2 22 janv. 2012 Bilbao
45%
1 2 mai 2012 Bilbao
45%
2 14 avr. 2013 Bilbao
45%
1 1 sept. 2013 Bilbao
45%
3 5 oct. 2014 Bilbao
45%
2 13 févr. 2016 Bilbao
45%
1 18 avr. 2018 Bilbao
45%
1 29 déc. 2007 West Ham
45%
2 3 mai 2008 West Ham
45%
2 29 oct. 2008 West Ham
45%
1 19 sept. 2021 West Ham
45%
1 27 janv. 2019 Lazio
43%
1 7 déc. 2019 Lazio
43%
1 20 juil. 2020 Lazio
43%
1 8 nov. 2020 Lazio
43%
2 25 mars 2010 Getafe
38%
2 3 janv. 2011 Getafe
38%
1 10 sept. 2011 Getafe
38%
3 27 janv. 2013 Getafe
38%
2 22 sept. 2013 Getafe
38%
2 18 janv. 2015 Getafe
38%
3 23 mai 2015 Getafe
38%
1 5 déc. 2015 Getafe
38%
1 16 avr. 2016 Getafe
38%
1 14 oct. 2017 Getafe
38%
2 3 mars 2018 Getafe
38%
2 23 nov. 2010 Ajax
37%
1 27 sept. 2011 Ajax
37%
3 3 oct. 2012 Ajax
37%
1 4 déc. 2012 Ajax
37%
1 10 avr. 2019 Ajax
37%
1 16 avr. 2019 Ajax
37%
1 15 févr. 2022 Brighton
32%
1 28 oct. 2012 Celta vigo
32%
1 12 déc. 2012 Celta Vigo
32%
2 10 mars 2013 Celta Vigo
32%
1 6 janv. 2014 Celta Vigo
32%
3 6 déc. 2014 Celta Vigo
32%
1 24 oct. 2015 Celta VIgo
32%
4 5 mars 2016 Celta Vigo
32%
1 25 janv. 2017 Celta Vigo
32%
2 17 mai 2017 Celta Vigo
32%
1 1 déc. 2018 Fiorentina
31%
1 19 mars 2005 Fulham
31%
2 4 févr. 2006 Fulham
31%
1 20 août 2006 Fulham
31%
1 24 févr. 2007 Fulham
31%
2 3 déc. 2007 Fulham
31%
3 12 avr. 2016 Wolfsburg
31%
1 15 déc. 2018 Torino
30%
1 3 mai 2019 Torino
30%
1 4 juil. 2020 Torino
30%
2 2 mai 2010 Osasuna
29%
3 6 nov. 2011 Osasuna
29%
2 31 mars 2012 Osasuna
29%
1 15 janv. 2014 Osasuna
29%
2 26 avr. 2014 Osasuna
29%
1 10 sept. 2016 Osasuna
29%
1 11 févr. 2017 OSasuna
29%
2 24 janv. 2010 Malaga
28%
2 16 oct. 2010 Malaga
28%
3 3 mars 2011 Malaga
28%
3 22 oct. 2011 Malaga
28%
1 8 mai 2013 Malaga
28%
1 19 oct. 2013 Malaga
28%
1 13 mars 2014 Malaga
28%
1 18 avr. 2015 Malaga
28%
1 21 févr. 2016 Malaga
28%
1 21 mai 2017 Malaga
28%
1 25 nov. 2017 Malaga
28%
3 5 mai 2010 Majorque
27%
1 13 mai 2012 Majorque
27%
2 20 oct. 2012 Majorque
27%
1 16 mars 2013 Majorque
27%
2 29 déc. 2018 Sampdoria
27%
1 29 juil. 2020 Sampdoria
27%
1 20 sept. 2020 Sampdoria
27%
1 4 déc. 2004 Southampton
27%
1 12 mars 2005 Southampton
27%
1 5 déc. 2009 Almeria
25%
3 10 mai 2011 Almeria
25%
2 21 mai 2011 Almeria
25%
1 23 nov. 2013 Almeria
25%
2 12 déc. 2014 Almeria
25%
1 3 avr. 2013 Galatasaray
25%
2 9 avr. 2013 Galatasaray
25%
3 17 sept. 2013 Galatasaray
25%
4 18 mars 2018 Girona
25%
1 7 janv. 2012 Grenade
25%
1 5 mai 2012 Grenade
25%
2 2 sept. 2012 Grenade
25%
1 25 janv. 2014 Grenade
25%
1 1 nov. 2014 Grenade
25%
5 5 avr. 2015 Grenade
25%
5 12 sept. 2015 Grenade
25%
1 7 janv. 2017 Grenade
25%
3 24 sept. 2011 Rayo Vallecano
25%
1 26 févr. 2012 Rayo Vallecano
25%
1 24 sept. 2012 Rayo Vallecano
25%
2 2 nov. 2013 Rayo Vallecano
25%
1 29 mars 2014 Rayo Vallecano
25%
1 8 nov. 2014 Rayo Vallecano
25%
1 8 avr. 2015 Rayo Vallecano
25%
2 20 déc. 2015 Rayo Vallecano
25%
1 2 mai 2022 Brentford
24%
2 25 sept. 2013 Elche
24%
4 23 sept. 2014 Elche
24%
1 22 févr. 2015 Elche
24%
3 22 déc. 2010 Levante
24%
3 12 févr. 2012 Levante
24%
1 11 nov. 2012 Levante
24%
1 6 avr. 2013 Levante
24%
1 5 oct. 2013 Levante
24%
1 9 mars 2014 Levante
24%
2 18 oct. 2014 Levante
24%
1 17 oct. 2015 Levante
24%
1 2 mars 2016 Levante
24%
2 16 sept. 2018 Sassuolo
24%
1 10 févr. 2019 Sassuolo
24%
1 1 déc. 2019 Sassuolo
24%
1 10 janv. 2021 Sassuolo
24%
1 12 mai 2021 Sassuolo
24%
2 26 févr. 2014 Schalke
24%
2 18 mars 2014 Schalke
24%
1 18 févr. 2015 Schalke
24%
2 10 mars 2015 Schalke
24%
1 6 oct. 2018 Udinese
24%
2 15 déc. 2019 Udinese
24%
2 3 janv. 2021 Udinese
24%
1 2 mai 2021 Udinese
24%
1 19 oct. 2019 Bologne
23%
1 22 juin 2020 Bologne
23%
1 31 oct. 2015 Las Palmas
23%
2 1 mars 2017 Las Palmas
23%
1 11 déc. 2021 Norwich
23%
3 16 avr. 2022 Norwich
23%
1 30 déc. 2021 Burnley
22%
2 22 nov. 2014 Eibar
22%
1 11 avr. 2015 Eibar
22%
1 29 nov. 2015 Eibar
22%
1 9 avr. 2016 Eibar
22%
2 10 mars 2018 Eibar
22%
1 12 sept. 2009 Espanyol Barcelone
22%
1 21 sept. 2010 Espanyol Barcelone
22%
1 4 mars 2012 Espanyol Barcelone
22%
1 18 déc. 2012 Espanyol Barcelone
22%
3 17 mai 2015 Espanyol Barcelone
22%
3 31 janv. 2016 Espanyol Barcelone
22%
1 20 oct. 2018 Genoa
21%
1 30 oct. 2019 Genoa
21%
1 30 juin 2020 Genoa
21%
2 13 déc. 2020 Genoa
21%
3 29 oct. 2016 Alaves
20%
2 24 févr. 2018 Alaves
20%
1 29 août 2009 Deportivo
20%
2 3 oct. 2010 Deportivo
20%
3 30 sept. 2012 Deportivo
20%
3 20 sept. 2014 Deportivo
20%
2 14 mai 2016 Deportivo
20%
2 21 janv. 2018 Deportivo
20%
2 2 févr. 2019 Parme
20%
2 19 déc. 2020 Parme
20%
1 14 mars 2010 Valladolid
20%
2 21 nov. 2020 Cagliari
19%
1 26 déc. 2007 Sunderland
19%
1 21 sept. 2019 Hellas Vérone
18%
1 27 févr. 2021 Hellas Vérone
18%
1 26 juin 2020 Lecce
18%
2 27 oct. 2018 Empoli
17%
1 8 déc. 2010 Auxerre
16%
1 10 avr. 2004 Birmingham
16%
1 29 sept. 2007 Birmingham
16%
2 30 sept. 2015 Malmo
16%
4 8 déc. 2015 Malmo
16%
1 31 janv. 2007 Watford
16%
1 19 avr. 2007 Watford
16%
1 3 déc. 2011 Gijon
15%
1 14 avr. 2012 Gijon
15%
2 17 janv. 2016 Gijon
15%
2 26 nov. 2016 Gijon
15%
1 30 nov. 2005 West Brom
15%
1 18 oct. 2008 West brom
15%
2 27 janv. 2009 West brom
15%
1 16 sept. 2014 Bale
14%
1 26 nov. 2014 Bale
14%
2 11 nov. 2007 Blackburn
14%
1 21 févr. 2009 Blackburn
14%
2 1 nov. 2008 Hull City
14%
3 15 sept. 2015 Shaktar
14%
2 25 nov. 2015 Shaktar
14%
1 14 sept. 2021 Young Boys
14%
2 31 déc. 2005 Bolton
12%
1 28 oct. 2006 Bolton
12%
1 19 mars 2008 Bolton
12%
1 27 sept. 2008 Bolton
12%
2 11 févr. 2006 Portsmouth
12%
1 1 nov. 2003 Portsmouth
12%
1 4 nov. 2006 Portsmouth
12%
2 30 janv. 2008 Portsmouth
12%
2 2 oct. 2013 Copenhague
11%
1 10 déc. 2013 Copenhague
11%
2 10 mars 2012 Real Betis
11%
1 18 janv. 2014 Real Betis
11%
1 15 oct. 2016 Real Betis
11%
1 12 mars 2017 Real Betis
11%
2 1 nov. 2020 Spezia
11%
1 2 mars 2021 Spezia
11%
2 15 nov. 2008 Stoke City
11%
1 26 oct. 2002 Boavista
10%
1 10 mars 2007 Middlesbrough
10%
1 19 mars 2007 Middlesbrough
10%
1 6 avr. 2008 Middlesbrough
10%
1 23 sept. 2008 Middlesbrough
10%
1 26 févr. 2006 Wigan
9%
1 6 mars 2006 WIgan
9%
2 26 déc. 2006 Wigan
9%
2 6 oct. 2007 Wigan
9%
1 11 mai 2008 Wigan
9%
2 15 sept. 2009 Zurich
9%
1 8 déc. 2007 Derby
8%
1 20 janv. 2009 Derby
8%
1 15 févr. 2009 Derby
8%
1 21 févr. 2012 Moscou
8%
2 14 mars 2012 Moscou
8%
1 23 sept. 2006 Reading
8%
2 30 déc. 2006 Reading
8%
1 19 janv. 2008 Reading
8%
2 4 avr. 2012 Apoel Nicosie
6%
2 13 sept. 2017 Apoel Nicosie
6%
2 21 nov. 2017 Apoel Nicosie
6%
1 23 sept. 2018 Frosinone
6%
1 15 févr. 2019 Frosinone
6%
1 22 mai 2004 Millwall
6%
1 26 déc. 2018 Atlanta
5%
2 11 juil. 2020 Atlanta
5%
1 20 oct. 2021 Atlanta
5%
2 2 nov. 2021 Atlanta
5%
1 7 mai 2006 Charlton
5%
1 25 août 2014 Cordoba
5%
2 22 févr. 2021 Crotone
5%
1 24 nov. 2020 Ferencváros
5%
1 1 oct. 2014 Ludogorets
5%
1 9 déc. 2014 Ludogorets
5%
1 15 avr. 2010 Racing
5%
4 23 oct. 2010 Racing
5%
1 18 févr. 2012 Racing
5%
2 4 mai 2013 Real Valladolid
5%
1 24 nov. 2018 Spal
5%
1 28 sept. 2019 Spal
5%
1 22 févr. 2020 Spal
5%
1 27 févr. 2010 Tenerife
5%
1 1 oct. 2019 Bayern Leverkusen
4%
1 11 déc. 2019 Bayern Leverkusen
4%
1 15 sept. 2022 Sheriff Tiraspol
4%
1 9 août 2005 Debrecen
3%
2 23 oct. 2007 Dynamo Kyiv
2%
1 7 nov. 2007 Dynamo Kyiv
2%
1 24 nov. 2002 Estarreja
2%
1 19 janv. 2005 Exeter City
2%
1 16 déc. 2017 Gremio
2%
1 13 déc. 2011 Ponferradina
2%
1 10 nov. 2010 Real Murcia
2%
1 19 déc. 2009 Real Zaragoza
2%
1 12 déc. 2010 Real Zaragoza
2%
3 28 août 2011 Real Zaragoza
2%
1 28 janv. 2012 Real Zaragoza
2%
1 30 mars 2013 Real Zaragoza
2%
1 19 nov. 2011 Valencia
2%
1 13 déc. 2017 Al-Jazira
1%
1 18 déc. 2008 Gamba Osaka
1%
2 30 oct. 2010 Hércules CF
1%
2 7 oct. 2002 Moreirense FC
1%
1 18 déc. 2002 Oliv. Hospital
1%
2 20 sept. 2009 Xerez CD
1%
2 13 févr. 2010 Xerez CD
1%
2 16 déc. 2014 CD Cruz Azul
0%
1 2 déc. 2020 Dinamo Kyiv
0%
2 27 janv. 2008 Tottebham
0%
Aucun quiz correspondant
Distribution des résultats
% des personnes avec chaque résultat
Percentile par nombre de réponses
Votre historique - résultats
Vous n’avez pas pris ce quiz depuis la dernière actualisation